<?xml version="1.0" encoding="UTF-8"?>
<record
    xmlns:xsi="http://www.w3.org/2001/XMLSchema-instance"
    xsi:schemaLocation="http://www.loc.gov/MARC21/slim http://www.loc.gov/standards/marcxml/schema/MARC21slim.xsd"
    xmlns="http://www.loc.gov/MARC21/slim">

  <leader>01353cam a22002771i 4500</leader>
  <controlfield tag="003">SA-RiAUC</controlfield>
  <controlfield tag="005">20260119124241.0</controlfield>
  <controlfield tag="008">260107s1892    ua     g      000 0 ara c</controlfield>
  <datafield tag="040" ind1=" " ind2=" ">
    <subfield code="a">EG-CaDAJ</subfield>
    <subfield code="b">ara</subfield>
    <subfield code="c">SA-RiAUC</subfield>
    <subfield code="e">rda</subfield>
  </datafield>
  <datafield tag="043" ind1=" " ind2=" ">
    <subfield code="a">a-iq---</subfield>
  </datafield>
  <datafield tag="082" ind1="0" ind2="4">
    <subfield code="a">929.209567</subfield>
  </datafield>
  <datafield tag="090" ind1=" " ind2=" ">
    <subfield code="a">&#x645; &#x646; 929.209567</subfield>
    <subfield code="b">&#x628; &#x631; &#x632;</subfield>
  </datafield>
  <datafield tag="100" ind1="1" ind2=" ">
    <subfield code="a">&#x627;&#x644;&#x628;&#x631;&#x632;&#x646;&#x62C;&#x64A;&#x60C; &#x623;&#x62D;&#x645;&#x62F; &#x628;&#x646; &#x625;&#x633;&#x645;&#x627;&#x639;&#x64A;&#x644; &#x628;&#x646; &#x632;&#x64A;&#x646; &#x627;&#x644;&#x639;&#x627;&#x628;&#x62F;&#x64A;&#x646; &#x60C;</subfield>
    <subfield code="d">&#x62A;&#x648;&#x641;&#x64A; 1337 &#x647;&#x62C;&#x631;&#x64A;</subfield>
    <subfield code="e">&#x645;&#x624;&#x644;&#x641;.</subfield>
  </datafield>
  <datafield tag="245" ind1="1" ind2="0">
    <subfield code="a">&#x643;&#x62A;&#x627;&#x628; &#x641;&#x62A;&#x643;&#x629; &#x627;&#x644;&#x628;&#x631;&#x627;&#x636; &#x628;&#x627;&#x644;&#x62A;&#x631;&#x643;&#x632;&#x64A; &#x627;&#x644;&#x645;&#x639;&#x62A;&#x631;&#x636; &#x639;&#x644;&#x649; &#x627;&#x644;&#x642;&#x627;&#x636;&#x64A; &#x639;&#x64A;&#x627;&#x636; /</subfield>
    <subfield code="c">&#x627;&#x644;&#x633;&#x64A;&#x62F; &#x623;&#x62D;&#x645;&#x62F; &#x628;&#x646; &#x627;&#x644;&#x633;&#x64A;&#x62F; &#x625;&#x633;&#x645;&#x627;&#x639;&#x64A;&#x644; &#x627;&#x644;&#x628;&#x631;&#x632;&#x646;&#x62C;&#x64A; &#x627;&#x644;&#x645;&#x648;&#x633;&#x648;&#x64A; &#x627;&#x644;&#x62D;&#x633;&#x64A;&#x646;&#x64A;.</subfield>
  </datafield>
  <datafield tag="246" ind1="3" ind2="0">
    <subfield code="a">&#x641;&#x62A;&#x643;&#x629; &#x627;&#x644;&#x628;&#x631;&#x627;&#x636; &#x628;&#x627;&#x644;&#x62A;&#x631;&#x643;&#x632;&#x64A; &#x627;&#x644;&#x645;&#x639;&#x62A;&#x631;&#x636; &#x639;&#x644;&#x649; &#x627;&#x644;&#x642;&#x627;&#x636;&#x64A; &#x639;&#x64A;&#x627;&#x636;</subfield>
  </datafield>
  <datafield tag="264" ind1=" " ind2="1">
    <subfield code="a">&#x627;&#x644;&#x642;&#x627;&#x647;&#x631;&#x629; :</subfield>
    <subfield code="b">&#x645;&#x637;&#x628;&#x639;&#x629; &#x627;&#x644;&#x639;&#x635;&#x631; &#x627;&#x644;&#x62A;&#x627;&#x633;&#x639; &#x639;&#x634;&#x631;&#x60C;</subfield>
    <subfield code="c">1892</subfield>
  </datafield>
  <datafield tag="300" ind1=" " ind2=" ">
    <subfield code="a">44 &#x635;&#x641;&#x62D;&#x629;&#x61B;</subfield>
    <subfield code="c">29 &#x633;&#x645;.</subfield>
  </datafield>
  <datafield tag="336" ind1=" " ind2=" ">
    <subfield code="a">&#x646;&#x635;</subfield>
    <subfield code="b">txt</subfield>
    <subfield code="2">rdacontent</subfield>
    <subfield code="3">&#x643;&#x62A;&#x627;&#x628;</subfield>
  </datafield>
  <datafield tag="337" ind1=" " ind2=" ">
    <subfield code="a">&#x628;&#x62F;&#x648;&#x646; &#x648;&#x633;&#x64A;&#x637;</subfield>
    <subfield code="b">n</subfield>
    <subfield code="2">rdamedia</subfield>
  </datafield>
  <datafield tag="338" ind1=" " ind2=" ">
    <subfield code="a">&#x645;&#x62C;&#x644;&#x62F;</subfield>
    <subfield code="b">nc</subfield>
    <subfield code="2">rdacarrier</subfield>
  </datafield>
  <datafield tag="600" ind1="1" ind2="7">
    <subfield code="a">&#x627;&#x644;&#x634;&#x646;&#x642;&#x64A;&#x637;&#x64A;&#x60C; &#x645;&#x62D;&#x645;&#x62F; &#x627;&#x644;&#x623;&#x645;&#x64A;&#x646; &#x628;&#x646; &#x645;&#x62D;&#x645;&#x62F; &#x627;&#x644;&#x645;&#x62E;&#x62A;&#x627;&#x631; &#x628;&#x646; &#x639;&#x628;&#x62F; &#x627;&#x644;&#x642;&#x627;&#x62F;&#x631;&#x60C;</subfield>
    <subfield code="d">1907-1973</subfield>
    <subfield code="2">aucnm</subfield>
  </datafield>
  <datafield tag="650" ind1=" " ind2="7">
    <subfield code="a">&#x627;&#x644;&#x628;&#x631;&#x632;&#x646;&#x62C;&#x64A;&#x629; (&#x642;&#x628;&#x64A;&#x644;&#x629;)</subfield>
    <subfield code="z">&#x627;&#x644;&#x639;&#x631;&#x627;&#x642;</subfield>
    <subfield code="2">aucsh</subfield>
  </datafield>
  <datafield tag="650" ind1=" " ind2="7">
    <subfield code="a">&#x627;&#x644;&#x623;&#x646;&#x633;&#x627;&#x628; &#x627;&#x644;&#x639;&#x631;&#x628;&#x64A;&#x629;</subfield>
    <subfield code="z">&#x627;&#x644;&#x639;&#x631;&#x627;&#x642;</subfield>
    <subfield code="2">aucsh</subfield>
  </datafield>
  <datafield tag="942" ind1=" " ind2=" ">
    <subfield code="2">ddc</subfield>
    <subfield code="c">RBOOK COPY</subfield>
    <subfield code="n">0</subfield>
  </datafield>
  <datafield tag="949" ind1=" " ind2=" ">
    <subfield code="a">SA-JeALM</subfield>
    <subfield code="d">260107</subfield>
    <subfield code="u">mohamedma123</subfield>
    <subfield code="n">1</subfield>
  </datafield>
  <datafield tag="952" ind1=" " ind2=" ">
    <subfield code="0">0</subfield>
    <subfield code="1">0</subfield>
    <subfield code="2">ddc</subfield>
    <subfield code="4">0</subfield>
    <subfield code="7">0</subfield>
    <subfield code="a">WAHAB</subfield>
    <subfield code="b">WAHAB</subfield>
    <subfield code="d">2026-01-19</subfield>
    <subfield code="l">0</subfield>
    <subfield code="o">929.209567  &#x628; &#x631; &#x632;</subfield>
    <subfield code="p">000022534</subfield>
    <subfield code="r">2026-01-19 12:43:33</subfield>
    <subfield code="w">2026-01-19</subfield>
    <subfield code="y">RBOOK COPY</subfield>
  </datafield>
  <datafield tag="952" ind1=" " ind2=" ">
    <subfield code="0">0</subfield>
    <subfield code="1">0</subfield>
    <subfield code="2">ddc</subfield>
    <subfield code="4">0</subfield>
    <subfield code="7">0</subfield>
    <subfield code="a">WAHAB</subfield>
    <subfield code="b">WAHAB</subfield>
    <subfield code="d">2026-01-19</subfield>
    <subfield code="l">0</subfield>
    <subfield code="o">&#x645; &#x646; 929.209567  &#x628; &#x631; &#x632;</subfield>
    <subfield code="p">000022535</subfield>
    <subfield code="r">2026-01-19 12:43:33</subfield>
    <subfield code="w">2026-01-19</subfield>
    <subfield code="y">RBOOK COPY</subfield>
  </datafield>
  <datafield tag="999" ind1=" " ind2=" ">
    <subfield code="c">14098</subfield>
    <subfield code="d">14098</subfield>
  </datafield>
</record>
